Nghiên cứu và lựa chọn một số bài tập thể lực nhằm nâng cao thành tích nhảy cao úp bụng cho nam học sinh trường THPT Thanh Khê

Tổng quan và vấn đề nghiên cứu...Mục đích - nhiệm vụ - phương pháp - Đối tượng và tổ chức nghiên cứu...

Uloženo v:
Podrobná bibliografie
Hlavní autor: Trần, Bá Lĩnh
Další autoři: Trần, Văn Huệ Người hướng dẫn
Médium: Kniha
Jazyk:Vietnamese
Vydáno: Đại học Sư Phạm Đại học Đà Nẵng 2011
Témata:
Tagy: Přidat tag
Žádné tagy, Buďte první, kdo otaguje tento záznam!
Thư viện lưu trữ: Mạng thư viện Đại học Đà Nẵng
LEADER 01386nam a2200325 4500
001 000011632
003 7891
005 20120207160237.0
008 120207s2011 viesd
041 |a vie 
072 |a Khóa luận tốt nghiệp -Giaó dục chính trị 
082 |a 796.43  |b TR-L 
100 1 |a Trần, Bá Lĩnh 
245 1 |a Nghiên cứu và lựa chọn một số bài tập thể lực nhằm nâng cao thành tích nhảy cao úp bụng cho nam học sinh trường THPT Thanh Khê  |c Trần, Bá Lĩnh 
260 |a Đại học Sư Phạm  |b Đại học Đà Nẵng  |c 2011 
300 |a 57 tr.  |c 29 cm. 
500 |a Khóa luận tốt nghiệp 
520 |a Tổng quan và vấn đề nghiên cứu...Mục đích - nhiệm vụ - phương pháp - Đối tượng và tổ chức nghiên cứu... 
653 |a Đà Nẵng 
700 |a Trần, Văn Huệ  |c Người hướng dẫn 
OWN |a LSP 
AVA |a UDN50  |b LSP  |d 796.43 TR-L  |e available  |t Error 5001 Not defined in file expand_doc_bib_avail.  |f 1  |g 0  |h N  |i 0  |k 1 
999 |a From the UDN01 
AVA |a UDN50  |b LSP  |d 796.43 TR-L  |e available  |t Error 5001 Not defined in file expand_doc_bib_avail.  |f 1  |g 0  |h N  |i 0  |k 1 
TYP |a Monograph 
TYP |a Printed language 
980 |a Mạng thư viện Đại học Đà Nẵng